000 00597nam a2200205Ia 4500
003 GCL
008 140319s9999 xx 000 0 ara d
040 _aGCL /
_cGCL
082 0 4 _aط
_b581
_bب ع
100 1 _aباركر، برثا موريس
245 1 0 _aعالم النبات /
_cباركر، برثا موريس
700 1 _aندورف , اللابود
700 1 _aمراد فهمى
300 _a35 ص
490 _aمجموعة الكتب العلمية المبسطة
_v0
650 0 4 _aالزراعة
650 0 4 _aالنبات
650 0 4 _aالنباتات
942 _2ddc
_cBK
999 _c51321
_d51321